<?xml version="1.0" encoding="UTF-8"?>
<record
    xmlns:xsi="http://www.w3.org/2001/XMLSchema-instance"
    xsi:schemaLocation="http://www.loc.gov/MARC21/slim http://www.loc.gov/standards/marcxml/schema/MARC21slim.xsd"
    xmlns="http://www.loc.gov/MARC21/slim">

  <leader>00657nam a22002537a 4500</leader>
  <controlfield tag="003">UA-OsUOA</controlfield>
  <controlfield tag="001"> 26104 </controlfield>
  <controlfield tag="007">ta</controlfield>
  <controlfield tag="008">20040512b un ||||| |||| 00| 0 ukr d</controlfield>
  <datafield tag="100" ind1=" " ind2=" ">
    <subfield code="a">&#x421;&#x442;&#x43E;&#x43B;&#x44F;&#x440;&#x447;&#x443;&#x43A; &#x431;&#x43E;&#x433;&#x434;&#x430;&#x43D;</subfield>
  </datafield>
  <datafield tag="090" ind1=" " ind2=" ">
    <subfield code="a">398.0</subfield>
    <subfield code="b">&#x421;81</subfield>
  </datafield>
  <datafield tag="942" ind1=" " ind2=" ">
    <subfield code="c">BK</subfield>
  </datafield>
  <datafield tag="040" ind1=" " ind2=" ">
    <subfield code="a">UA-OsUOA</subfield>
    <subfield code="b">ukr</subfield>
    <subfield code="c">UA-OsUOA</subfield>
    <subfield code="d">UA-OsUOA</subfield>
  </datafield>
  <datafield tag="245" ind1=" " ind2=" ">
    <subfield code="a">&#x424;&#x43E;&#x43B;&#x44C;&#x43A;&#x43B;&#x43E;&#x440;&#x438;&#x441;&#x442;&#x438; &#x420;&#x456;&#x432;&#x43D;&#x435;&#x43D;&#x449;&#x438;&#x43D;&#x438;</subfield>
    <subfield code="b">&#x411;&#x456;&#x431;&#x43B;&#x456;&#x43E;&#x433;&#x440;&#x430;&#x444;&#x456;&#x447;&#x43D;&#x438;&#x439; &#x434;&#x43E;&#x432;&#x456;&#x434;&#x43D;&#x438;&#x43A;</subfield>
  </datafield>
  <datafield tag="300" ind1=" " ind2=" ">
    <subfield code="a">76 &#x441;.</subfield>
  </datafield>
  <datafield tag="955" ind1=" " ind2=" ">
    <subfield code="a">0</subfield>
  </datafield>
  <datafield tag="041" ind1=" " ind2=" ">
    <subfield code="a">ukr</subfield>
  </datafield>
  <datafield tag="080" ind1=" " ind2=" ">
    <subfield code="a">398.0</subfield>
  </datafield>
  <datafield tag="260" ind1=" " ind2=" ">
    <subfield code="a">&#x420;&#x456;&#x432;&#x43D;&#x435;</subfield>
    <subfield code="c">1995</subfield>
  </datafield>
  <datafield tag="044" ind1=" " ind2=" ">
    <subfield code="a">UA</subfield>
  </datafield>
  <datafield tag="250" ind1=" " ind2=" ">
    <subfield code="n">2-&#x435; &#x432;&#x438;&#x434;., &#x43F;&#x435;&#x440;&#x435;&#x440;&#x43E;&#x431;. &#x442;&#x430; &#x434;&#x43E;&#x43F;.</subfield>
  </datafield>
  <datafield tag="650" ind1=" " ind2="7">
    <subfield code="2">UDC</subfield>
  </datafield>
  <datafield tag="999" ind1=" " ind2=" ">
    <subfield code="c">312415</subfield>
    <subfield code="d">312415</subfield>
  </datafield>
  <datafield tag="952" ind1=" " ind2=" ">
    <subfield code="0">0</subfield>
    <subfield code="1">0</subfield>
    <subfield code="2">udc</subfield>
    <subfield code="4">0</subfield>
    <subfield code="7">0</subfield>
    <subfield code="a">102</subfield>
    <subfield code="b">102</subfield>
    <subfield code="d">2004-05-12</subfield>
    <subfield code="g">92.00</subfield>
    <subfield code="i">68590</subfield>
    <subfield code="l">0</subfield>
    <subfield code="o">398.0 &#x421;81</subfield>
    <subfield code="p">68590</subfield>
    <subfield code="r">2022-02-07 00:00:00</subfield>
    <subfield code="w">2004-05-12</subfield>
    <subfield code="y">BK</subfield>
  </datafield>
</record>
